00253nam a2200097Ia 4500008004100000100001600041245003100057260002600088300000700114650003400121190216s9999||||xx |||||||||||||| ||und|| aKesavadev P 0aKunchukurupinde Athmakatha bPoorna Pubs Kozhikode a62 aMalayalam-Malayalam Biography